Personnages américains de fiction - Statistiques

Statistiques générales
  • Ce quiz a été pris 190 fois
  • Le résultat moyen est 15 sur 20
Statistiques - réponses
Par images Réponse % Correct
Joker
98%
Batman
97%
Spider-man
97%
Homer Simpson
94%
Captain America
93%
Donald Duck
92%
Lucky Luke
90%
Scooby-Doo
89%
Forrest Gump
86%
John Rambo
77%
Betty Boop
73%
Marty McFly
68%
Rachel Green
63%
Walter White
60%
Eric Cartman
59%
Kermit
58%
Jay Gatsby
54%
Meredith Grey
49%
Michael Scofield
49%
Stan Smith
12%
Aucun quiz correspondant
Distribution des résultats
% des personnes avec chaque résultat
Percentile par nombre de réponses
Votre historique - résultats
Vous n’avez pas pris ce quiz